| 000 | 00816nam a22002777a 4500 | ||
|---|---|---|---|
| 003 | MX-MxINE | ||
| 005 | 20260601193900.0 | ||
| 008 | 260505b |||||||| |||| 00| 0 eng d | ||
| 040 |
_aICI _bspa _cICI _erda |
||
| 041 | _aeng | ||
| 050 |
_aHD69.D4 _bF366 |
||
| 100 |
_aFarr, Michael, _eautor _933660 |
||
| 245 |
_aDesign management / _cMichael Farr |
||
| 260 |
_aLondon : _bHodder & Stoughton, _c1966 |
||
| 264 |
_aLondon _bHodder & stoughton |
||
| 300 |
_a162 páginas : _bIlustraciones |
||
| 336 |
_2rdacontent _atexto |
||
| 337 |
_2rdamedia _asin medio |
||
| 338 |
_2rdacarrier _avolumen |
||
| 502 | _aIncluye índice | ||
| 650 |
_aDiseño _vAdministración _933661 |
||
| 650 | _aInnovación empresarial | ||
| 650 | _aDesarrollo de productos | ||
| 650 | _aPlanificación estratégica | ||
| 942 |
_2lcc _cB _n1 |
||
| 999 |
_c22189 _d22189 |
||